000 00801nam a2200265Ia 4500
005 20260121170120.0
008 008 260114s9999 xx 000 0 eng d
020 _a9783319571508
037 _aEBOOK
040 _aCRL
040 _beng
040 _cCRL
041 _2eng
041 _aeng
084 _qCRL
100 _aÉvelyne Barbin, Jean-Paul Guichard, Marc Moyon, Patrick Guyot, Catherine Morice-Singh, Frédéric Métin, Martine Bühler, Dominique Tournès, Renaud Chorlay, Gérard Hamon
_91059984
245 0 _aLet History into the Mathematics Classroom
260 _bSpringer
260 _bSpringer
260 _c2018
856 _uhttps://link.springer.com/openurl?genre=book&isbn=978-3-319-57150-8
942 _cEBOOK
999 _c1625713
_d1625713